000 00309nam a22001337a 4500
005 20230726141143.0
008 230726b ||||| |||| 00| 0 eng d
040 _cAL
041 _aeng
100 _aKrishnappa B M
_9128447
245 _aMargadarshi
260 _aMangalore
_bKishen
_c2006
942 _2ddc
_cBK
999 _c228146
_d228146